000 01024nam a22002657i 4500
999 _c22731
_d22731
003 AR-CdUCM
008 231019b20102010pe a|||| |||| 001 0 spa d
040 _aMUNICIPALIDAD PROVINCIAL DEL CUSCO
_cBIBLIOTECA MUNICIPAL DEL CUSCO
041 _hspa
082 _aC370.1523 / A93
_bA93
100 _aAyala Chino, Reveca Elizabeth
_949265
245 _aDesarrollo de Capacidades Comunicativas en el Proceso de Aprendizaje /
260 _a Sicuani-Cusco :
_c2010.
300 _a33 páginas. :
_c21 cm.
500 _zBibliografía: página 34
505 _aComunicación y aprendizaje -- Habilidades comunicativas -- Interlocución -- Habilidades cognitivas -- El arte de hablar y escuchar -- Comprensión lectora -- Producción de textos
650 _aComunicación
_949252
650 _aHábitos
_933885
650 _a Comprensión lectora
_94534
650 _aHabilidades cognitivas
_949202
650 _aLectura oral
_949203
650 _aAprendizaje
_92143
942 _2ddc
_cLIBROS
945 _apebm
_d2023-10-19